Carregant...
Toofan/
| Autor principal: | |
|---|---|
| Format: | Printed Book |
| Publicat: |
New Delhi:
Rajpal And Sons,
2009.
|
| LEADER | 00330 a2200109 4500 | ||
|---|---|---|---|
| 100 | |a Shakespeare | ||
| 245 | |a Toofan/ |c Shakespeare | ||
| 260 | |a New Delhi: |b Rajpal And Sons, |c 2009. | ||
| 300 | |a 115p. | ||
| 942 | |2 ddc |c BK | ||
| 999 | |c 237749 |d 237749 | ||
| 952 | |0 0 |1 0 |4 0 |7 0 |9 264002 |a HIN |b HIN |c ST1 |d 2011-06-15 |i 21319 |l 0 |p HIN21319 |r 2014-02-07 |w 2014-02-07 |y BK | ||